000 00735nam a2200289Ia 4500
005 20260324141849.0
008 008 260324s9999 xx 000 0 eng d
020 _a9780429305207
037 _aEBOOK
040 _aCRL
040 _beng
040 _cCRL
041 _2eng
041 _aeng
084 _qCRL
100 _aRon Liebowitz; Michael Kraus
_91209804
245 0 _aRussia And Eastern Europe After Communism
245 4 _bThe Search For New Political, Economic, And Security Systems
260 _bTaylor and Francis
260 _c1996
365 _a
365 _b230
856 _uhttp://www.taylorfrancis.com/books/9780429305207
942 _cEBOOK
999 _c1813329
_d1813329